[Event "GRE-chT Online Rapid op 1st"]
[Site "Tornelo INT"]
[Date "2021.02.21"]
[Round "7.10"]
[White "Papadopoulos, Georgios Nikea"]
[Black "Pappas, Mihail"]
[Result "1-0"]
[WhiteElo "1989"]
[BlackElo "1970"]
[PlyCount "103"]
[EventDate "2021.02.20"]
[EventType "team-swiss (rapid)"]
[EventRounds "9"]
[EventCountry "GRE"]
[SourceTitle "EXT 2023"]
[Source "ChessBase"]
[SourceDate "2022.10.05"]
[SourceVersion "1"]
[SourceVersionDate "2022.10.05"]
[SourceQuality "1"]

1. e4 e6 2. d4 d5 3. Nc3 Nf6 4. Bg5 dxe4 5. Nxe4 Be7 6. Bxf6 Bxf6 7. Nf3 Bd7 8. Bd3 Bc6 9. c3 Nd7 10. 0-0 Bxe4 11. Bxe4 c6 12. Qe2 0-0 13. Rfe1 Qc7 14. Rad1 Nb6 15. c4 Rad8 16. b3 g6 17. a4 a5 18. h4 Nc8 19. h5 Nd6 20. Bc2 c5 21. d5 exd5 22. Rxd5 Rfe8 23. Qd2 Rxe1+ 24. Qxe1 b6 25. h6 Qe7 26. Qd2 Kf8 27. g3 Ne8 28. Kg2 Nc7 29. Rxd8+ Qxd8 30. Qxd8+ Bxd8 31. Ne5 Ke7 32. f4 Ne6 33. f5 Kf6 34. fxe6 fxe6 35. Ng4+ Kg5 36. Kf3 Bc7 37. Be4 Bd6 38. Bc6 Kf5 39. Bd7 Bc7 40. Bc8 Bd6 41. Nf2 Bf8 42. g4+ Ke5 43. g5 Kd4 44. Ne4 e5 45. Nf6 Be7 46. Nxh7 e4+ 47. Ke2 Kc3 48. Nf6 Bf8 49. Bd7 Kxb3 50. Bb5 Kc3 51. Nd7 Be7 52. h7 1-0

[Event "GRE-chT Online Rapid op 1st"]
[Site "Tornelo INT"]
[Date "2021.02.20"]
[Round "3.11"]
[White "Pappas, Mihail"]
[Black "Gkavardinas, Antonios"]
[Result "0-1"]
[WhiteElo "1970"]
[BlackElo "1606"]
[PlyCount "64"]
[EventDate "2021.02.20"]
[EventType "team-swiss (rapid)"]
[EventRounds "9"]
[EventCountry "GRE"]
[SourceTitle "EXT 2023"]
[Source "ChessBase"]
[SourceDate "2022.10.05"]
[SourceVersion "1"]
[SourceVersionDate "2022.10.05"]
[SourceQuality "1"]

1. e4 c5 2. c4 Nc6 3. Nc3 g6 4. g4 Nd4 5. h4 h5 6. g5 d6 7. d3 Bg7 8. Bg2 Be6 9. Nh3 Qd7 10. Nf4 Bg4 11. f3 e5 12. Nfd5 Be6 13. Be3 0-0-0 14. Bxd4 exd4 15. Nb5 Bxd5 16. exd5 Re8+ 17. Kf2 Kb8 18. Qa4 a6 19. Bh3 Qd8 20. Nxd6 Qxd6 21. Qxe8+ Ka7 22. Qxf7 Be5 23. Bc8 Ne7 24. Be6 Bh2 25. Raf1 Qg3+ 26. Ke2 Qg2+ 27. Kd1 Nf5 28. Bxf5 Bf4 29. Rf2 Qxf2 30. Rh2 Qxh2 31. Ke1 Qd2+ 32. Kf1 Be3 0-1

[Event "Kerkyra op"]
[Site "Kerkyra"]
[Date "2009.09.12"]
[Round "8"]
[White "Pappas, Mihail"]
[Black "Skiadopoulos, Nikolaos"]
[Result "1-0"]
[WhiteElo "1964"]
[BlackElo "2137"]
[PlyCount "77"]
[EventDate "2009.09.05"]
[EventType "swiss"]
[EventRounds "9"]
[EventCountry "GRE"]
[SourceTitle "CBM 132 Extra"]
[Source "ChessBase"]
[SourceDate "2009.11.03"]
[SourceVersion "1"]
[SourceVersionDate "2009.11.03"]
[SourceQuality "1"]

1. e4 c5 2. c4 Nc6 3. Nc3 g6 4. g4 d6 5. h4 Nf6 6. g5 Nd7 7. d3 Bg7 8. Be3 Nde5 9. Bh3 Qa5 10. f4 Ng4 11. Bd2 h5 12. gxh6 Nxh6 13. Bxc8 Rxc8 14. h5 Ng8 15. Qg4 Qd8 16. Qg2 Nb4 17. Ke2 Nc2 18. Rf1 Nd4+ 19. Kd1 Nf6 20. hxg6 Rxh1 21. gxf7+ Kxf7 22. Qxh1 Qh8 23. Nh3 Qh5+ 24. Kc1 Rh8 25. Ng5+ Kf8 26. Qg1 Qh2 27. Qe3 Qg2 28. Qe1 Rh2 29. e5 Nh5 30. exd6 exd6 31. Nge4 Nf3 32. Qd1 Nxd2 33. Nxd2 Bxc3 34. bxc3 Ng3 35. Re1 Ne2+ 36. Kc2 Qc6 37. Rxe2 Qa4+ 38. Kc1 Qxa2 39. Rxh2 1-0